European soccer quiz - Statistics

General Stats
  • This quiz has been taken 86 times
  • The average score is 10 of 20
Answer Stats
Hint Answer % Correct
Who is the top scorer in europe? Cristiano Ronaldo
93%
Who scored 91 goals in a calendar year? Lionel Messi
91%
Which footballer received the most red cards in Champions League? Sergio Ramos
85%
Which teams legendary players were Nemanja Vidic, Wayne Rooney and Ryan Giggs Manchester United
74%
Who is the French national teams top scorer? Olivier Giroud
74%
What team has the most Europa League Trophies? Sevilla
74%
What Country has won the Euros the most times? Germany
71%
What competition is played besides the UCL and the Europa League? The Conference League
62%
Which footballer has won the Ballon'd Or 3 times, despite retiring at the age of 28? Marco Van Basten
54%
How many points were deducted from Juventus in 2023? 15
53%
Which team in Serie A has both the top scorer and top assister in the 2022/2023 season? Napoli
43%
What belgian player is known for having the most iconic haircut? Marouane Fellaini
37%
What team got relegated in 1996 from the Premier League? Manchester City
29%
How much was Neymar Jr's record transfer to PSG in 2017? €222 million
28%
Which player won the golden boot in La Liga in the 2005/2006 season? Samuel Eto'o
28%
Who is said to have saved 151 penalties? Lev Yashin
26%
Who scored the longest goal in Premier League history? Asmir Begovic
21%
Where was the 1999 UCL final held? Camp Nou
9%
Who was the referee for the 2009 UCL match between Chelsea and Barcelona, which is thought to be the worst refereeing in UCL history? Tom Øvrebø
9%
What led to the cancelling of the 2020 Ballon'd Or? The Corona Outbreak
3%
No matching quizzes found
Score Distribution
Percent of People with Each Score
Percentile by Number Answered
Your Score History
You have not taken this quiz